Turkey and the EU (Record no. 522282)

MARC details
000 -LEADER
fixed length control field 00674nam a2200241Ia 4500
003 - CONTROL NUMBER IDENTIFIER
control field OSt
005 - DATE AND TIME OF LATEST TRANSACTION
control field 20220925192453.0
008 - FIXED-LENGTH DATA ELEMENTS--GENERAL INFORMATION
fixed length control field 220923b |||||||| |||| 00| 0 eng d
020 ## - INTERNATIONAL STANDARD BOOK NUMBER
International Standard Book Number 0754647625
037 ## - SOURCE OF ACQUISITION
Terms of availability General Book
040 ## - CATALOGING SOURCE
Original cataloging agency RTL
Transcribing agency RTL
Language of cataloging eng
041 ## - LANGUAGE CODE
Source of code eng
Language code of text/sound track or separate title eng
100 ## - MAIN ENTRY--PERSONAL NAME
Personal name Arikan Harun
9 (RLIN) 245301
245 #0 - TITLE STATEMENT
Title Turkey and the EU
Remainder of title Awkward candidate for EU membership?
250 ## - EDITION STATEMENT
Edition statement 2nd
260 ## - PUBLICATION, DISTRIBUTION, ETC.
Place of publication, distribution, etc. Burlington
Name of publisher, distributor, etc. Ashgate Publishing Company
Date of publication, distribution, etc. 2006
300 ## - PHYSICAL DESCRIPTION
Extent x; 290p
Dimensions cm.
942 ## - ADDED ENTRY ELEMENTS (KOHA)
Classification part X:533.5,h, P6
Koha item type General Books
Source of classification or shelving scheme Colon Classification (CC)

No items available.

Copyright @ Delhi University Library System